000
00303nam a2200121Ia 4500
082
_a
5
_b
WIL
100
_a
Timothy J Williams
245
_a
MCQs in computer science
250
_a
4th . Ed.
260
_b
Tata McGraw Hill Education Private Limited
_a
New Delhi
_c
2011
300
_a
445p.
942
_2
ddc
_c
BK
_0
4
999
_c
5411
_d
5411